书目信息 |
| 题名: |
夏装:精品时装
|
|
| 作者: | 秦琪 | |
| 分册: | ||
| 出版信息: | 开明出版社 1994. 3 |
|
| 页数: | 143页 | |
| 开本: | 16开 | |
| 丛书名: | ||
| 单 册: | ||
| 中图分类: | TS941.6 | |
| 科图分类: | ||
| 主题词: | 服装工业 | |
| 电子资源: | ||
| ISBN: | ||
| 000 | 00494nam0 2200193 45 | |
| 001 | 0308271090 | |
| 005 | 20030827105641.6 | |
| 010 | @dRMB15.80 | |
| 100 | @a20030827d1994 km y0chiy0120 ea | |
| 101 | @achi | |
| 105 | @a z 000yy | |
| 200 | 1 | @a夏装:精品时装@Axia zhuang:jing pin shi zhuang@f秦琪@Fqin qi |
| 210 | @c开明出版社@d1994. 3 | |
| 215 | @a143页@c无图表@d16开 | |
| 606 | 0 | @a服装工业 |
| 690 | @aTS941.6@v3 | |
| 701 | 0 | @a秦琪 |
| 801 | @aCN@b@c20030827 | |
| 905 | @aBZT@dTS941.6@e114 | |
| 夏装:精品时装/秦琪.-开明出版社,1994. 3 |
| 143页:无图表;16开 |
| ISBN :RMB15.80 |
| ● |
| 相关链接 |
|
|
|
正题名:夏装:精品时装
索取号:TS941.6/114
 
预约/预借
| 序号 | 登录号 | 条形码 | 馆藏地/架位号 | 状态 | 备注 |
| 1 | 103131 | 200300897 | 中心书库中库/ 中库024架B面5列7层36/ [索取号:TS941.6/114] | 在馆 | |
| 2 | 103132 | 200301315 | 中心书库中库/ 中库024架B面5列6层20/ [索取号:TS941.6/114] | 在馆 |